[Event "Bhubaneswar op-A 14th"]
[Site "Bhubaneswar"]
[Date "2023.06.17"]
[Round "9"]
[White "Ethan, V Johnson"]
[Black "Sachi, Jain"]
[Result "0-1"]
[WhiteElo "1530"]
[BlackElo "1675"]
[PlyCount "84"]
[EventDate "2023.06.11"]
[EventType "swiss"]
[EventRounds "10"]
[EventCountry "IND"]
[SourceTitle "CBM 214 Extra"]
[Source "ChessBase"]
[SourceDate "2023.07.31"]
[SourceVersion "1"]
[SourceVersionDate "2023.07.31"]
[SourceQuality "1"]

1. d4 d5 2. c4 e6 3. Nc3 f5 4. Bf4 c6 5. Nf3 Nf6 6. e3 Be7 7. Bd3 0-0 8. 0-0 Ne4 9. h3 Nd7 10. Ne5 Nxe5 11. Bxe5 Bd6 12. Bxe4 fxe4 13. f3 Bxe5 14. dxe5 Qg5 15. fxe4 Qxe3+ 16. Kh1 Rxf1+ 17. Qxf1 d4 18. Re1 Qg5 19. Ne2 c5 20. Qf3 Bd7 21. Rf1 Qe7 22. b4 b6 23. bxc5 bxc5 24. Nc1 Ba4 25. Kg1 Rf8 26. Qe2 Rxf1+ 27. Kxf1 Qb7 28. Nd3 Qb1+ 29. Kf2 Bc2 30. Nxc5 d3 31. Qe3 Qxa2 32. Qd4 Qa5 33. Qd6 Qd2+ 34. Kg1 Qe3+ 35. Kh2 Qf4+ 36. Kg1 Qc1+ 37. Kh2 Qf4+ 38. Kg1 d2 39. Qd8+ Kf7 40. Qd7+ Kg6 41. Qxe6+ Kh5 42. g4+ Kh4 0-1